| Tag |
First Indicator |
Second Indicator |
Subfields |
| LEADER |
00000cas a22000001 4500 |
| 001 |
in00000069776 |
| 005 |
20151008055840.0 |
| 008 |
740606c19719999inuar p 0 a0eng |
| 010 |
|
|
|a 76617483
|
| 022 |
0 |
|
|a 0884-9153
|l 0884-9153
|2 1
|
| 029 |
1 |
|
|a NLGGC
|b 143927108
|
| 029 |
1 |
|
|a AU@
|b 000024487222
|
| 035 |
|
|
|a (OCoLC)01799936
|
| 035 |
|
|
|9 AAJ4548AM
|
| 037 |
|
|
|b National Association Student Aid Administration, 1920 L Street NW #200, Washington, DC 20036
|
| 040 |
|
|
|a DLC
|c DLC
|d OCL
|d DLC
|d OCL
|d AIP
|d NST
|d NSD
|d NST
|d EBZ
|d IUL
|d OCLCQ
|d HUL
|d TXA
|d OCLCQ
|d GUA
|d UtOrBLW
|
| 042 |
|
|
|a pcc
|a nsdp
|
| 043 |
|
|
|a n-us---
|
| 049 |
|
|
|a TXAM
|
| 050 |
0 |
0 |
|a L11
|b .J857
|
| 082 |
0 |
4 |
|a 378.3/05
|
| 210 |
0 |
|
|a J. stud. financ. aid
|
| 222 |
|
4 |
|a The Journal of student financial aid
|
| 245 |
0 |
4 |
|a The Journal of student financial aid.
|
| 246 |
3 |
0 |
|a Student financial aid
|
| 264 |
|
1 |
|a [Washington, D.C., etc.] :
|b National Association of Student Financial Aid Administrators.
|
| 300 |
|
|
|a volumes ;
|c 26 cm.
|
| 310 |
|
|
|a Annual,
|b <2010>-
|
| 321 |
|
|
|a Semiannual,
|b 1971-
|
| 321 |
|
|
|a 3 issues per year,
|b <May 1979>-
|
| 336 |
|
|
|a text
|b txt
|2 rdacontent
|
| 337 |
|
|
|a unmediated
|b n
|2 rdamedia
|
| 338 |
|
|
|a volume
|b nc
|2 rdacarrier
|
| 362 |
0 |
|
|a v. 1- May 1971-
|
| 515 |
|
|
|a Vols. 38-39 complete in 1 issue each.
|
| 530 |
|
|
|a Issues published online three times a year, then cumulated to annual print issue, 2010-
|
| 550 |
|
|
|a Official journal of the National Association of Student Financial Aid Administrators.
|
| 555 |
|
|
|a Vols. 1-7 in v. 8, no. 1.
|
| 650 |
|
0 |
|a Student aid
|z United States
|v Periodicals.
|
| 710 |
2 |
|
|a National Association of Student Financial Aid Administrators.
|
| 776 |
1 |
|
|t Journal of student financial aid (Online)
|w (DLC) 2006263131
|w (OCoLC)70826505
|
| 850 |
|
|
|a CU
|a CaOONL
|a DLC
|a FU
|a ICRL
|a InU
|a KyLoU
|a MChB
|a MoU
|a NNStJ
|a TxCM
|a ViBlbV
|
| 994 |
|
|
|a C0
|b TXA
|
| 949 |
|
|
|a updated
|b h
|c 2011/8/10
|e coplinger
|f 4:38:21 pm
|
| 999 |
|
|
|a MARS
|
| 999 |
f |
f |
|s d7325a41-e8a8-378c-83bd-70d57da3d213
|i 89453ba1-48b2-344e-88ec-4a19b08e570b
|t 0
|
| 952 |
f |
f |
|p ric
|a Texas A&M University
|b Rellis Campus
|c Joint Library Facility
|d Remote Storage
|t 0
|e L11 .J857
|h Library of Congress classification
|i unmediated -- volume
|k v.20/21
|l 1990/1991
|m A14819999255
|
| 952 |
f |
f |
|p ric
|a Texas A&M University
|b Rellis Campus
|c Joint Library Facility
|d Remote Storage
|t 0
|e L11 .J857
|h Library of Congress classification
|i unmediated -- volume
|k v.16/17
|l 1986/1987
|m A14811385630
|
| 952 |
f |
f |
|p ric
|a Texas A&M University
|b Rellis Campus
|c Joint Library Facility
|d Remote Storage
|t 0
|e L11 .J857
|h Library of Congress classification
|i unmediated -- volume
|k v.37
|l 2007/2008
|m A14834772490
|
| 952 |
f |
f |
|p ric
|a Texas A&M University
|b Rellis Campus
|c Joint Library Facility
|d Remote Storage
|t 0
|e L11 .J857
|h Library of Congress classification
|i unmediated -- volume
|k v.43
|l 2013
|m A14842276397
|
| 952 |
f |
f |
|p ric
|a Texas A&M University
|b Rellis Campus
|c Joint Library Facility
|d Remote Storage
|t 0
|e L11 .J857
|h Library of Congress classification
|i unmediated -- volume
|k v.29
|l 1999
|m A14829666414
|
| 952 |
f |
f |
|p ric
|a Texas A&M University
|b Rellis Campus
|c Joint Library Facility
|d Remote Storage
|t 0
|e L11 .J857
|h Library of Congress classification
|i unmediated -- volume
|k v.44
|l 2014
|m A14843022865
|
| 952 |
f |
f |
|p ric
|a Texas A&M University
|b Rellis Campus
|c Joint Library Facility
|d Remote Storage
|t 0
|e L11 .J857
|h Library of Congress classification
|i unmediated -- volume
|k v.31
|l 2001
|m A14829666171
|
| 952 |
f |
f |
|p ric
|a Texas A&M University
|b Rellis Campus
|c Joint Library Facility
|d Remote Storage
|t 0
|e L11 .J857
|h Library of Congress classification
|i unmediated -- volume
|k v.34
|l 2004
|m A14832871612
|
| 952 |
f |
f |
|p ric
|a Texas A&M University
|b Rellis Campus
|c Joint Library Facility
|d Remote Storage
|t 0
|e L11 .J857
|h Library of Congress classification
|i unmediated -- volume
|k v.12/13
|l 1982/1983
|m A14831679732
|
| 952 |
f |
f |
|p ric
|a Texas A&M University
|b Rellis Campus
|c Joint Library Facility
|d Remote Storage
|t 0
|e L11 .J857
|h Library of Congress classification
|i unmediated -- volume
|k v.41
|l 2011
|m A14841353011
|
| 952 |
f |
f |
|p ric
|a Texas A&M University
|b Rellis Campus
|c Joint Library Facility
|d Remote Storage
|t 0
|e L11 .J857
|h Library of Congress classification
|i unmediated -- volume
|k v.18:no.1-v.19:no.1,3
|l 1988:Winter-1989:Winter,Fall
|m A14817937964
|
| 952 |
f |
f |
|p ric
|a Texas A&M University
|b Rellis Campus
|c Joint Library Facility
|d Remote Storage
|t 0
|e L11 .J857
|h Library of Congress classification
|i unmediated -- volume
|k v.42
|l 2012
|m A14841666553
|
| 952 |
f |
f |
|p ric
|a Texas A&M University
|b Rellis Campus
|c Joint Library Facility
|d Remote Storage
|t 0
|e L11 .J857
|h Library of Congress classification
|i unmediated -- volume
|k v.28
|l 1998
|m A14829666375
|
| 952 |
f |
f |
|p ric
|a Texas A&M University
|b Rellis Campus
|c Joint Library Facility
|d Remote Storage
|t 0
|e L11 .J857
|h Library of Congress classification
|i unmediated -- volume
|k v.40
|l 2010
|m A14841197261
|
| 952 |
f |
f |
|p ric
|a Texas A&M University
|b Rellis Campus
|c Joint Library Facility
|d Remote Storage
|t 0
|e L11 .J857
|h Library of Congress classification
|i unmediated -- volume
|k v.32/33
|l 2002/2003
|m A14832171258
|
| 952 |
f |
f |
|p ric
|a Texas A&M University
|b Rellis Campus
|c Joint Library Facility
|d Remote Storage
|t 0
|e L11 .J857
|h Library of Congress classification
|i unmediated -- volume
|k v.27
|l 1997
|m A14825992279
|
| 952 |
f |
f |
|p ric
|a Texas A&M University
|b Rellis Campus
|c Joint Library Facility
|d Remote Storage
|t 0
|e L11 .J857
|h Library of Congress classification
|i unmediated -- volume
|k v.38:no.1
|l 2008
|m A14839122543
|
| 952 |
f |
f |
|p ric
|a Texas A&M University
|b Rellis Campus
|c Joint Library Facility
|d Remote Storage
|t 0
|e L11 .J857
|h Library of Congress classification
|i unmediated -- volume
|k v.36
|l 2006
|m A14836400007
|
| 952 |
f |
f |
|p ric
|a Texas A&M University
|b Rellis Campus
|c Joint Library Facility
|d Remote Storage
|t 0
|e L11 .J857
|h Library of Congress classification
|i unmediated -- volume
|k v.25
|l 1995
|m A14824892492
|
| 952 |
f |
f |
|p ric
|a Texas A&M University
|b Rellis Campus
|c Joint Library Facility
|d Remote Storage
|t 0
|e L11 .J857
|h Library of Congress classification
|i unmediated -- volume
|k v.39:no.1
|l 2009
|m A14841197326
|
| 952 |
f |
f |
|p ric
|a Texas A&M University
|b Rellis Campus
|c Joint Library Facility
|d Remote Storage
|t 0
|e L11 .J857
|h Library of Congress classification
|i unmediated -- volume
|k v.30
|l 2000
|m A14829666210
|
| 952 |
f |
f |
|p ric
|a Texas A&M University
|b Rellis Campus
|c Joint Library Facility
|d Remote Storage
|t 0
|e L11 .J857
|h Library of Congress classification
|i unmediated -- volume
|k v.14:no.1-2,v.15:no.1-3
|l 1984:Winter-Spring,1985:Winter-Fall
|m A14816053084
|
| 952 |
f |
f |
|p ric
|a Texas A&M University
|b Rellis Campus
|c Joint Library Facility
|d Remote Storage
|t 0
|e L11 .J857
|h Library of Congress classification
|i unmediated -- volume
|k v.35
|l 2005
|m A14834620570
|
| 998 |
f |
f |
|a L11 .J857
|s v.39-44 (2009-2014)
|t 0
|l Remote Storage
|